| 000 | 00000nam 2200000za 4500 |
| 001 | 9.855151 |
| 003 | CaOODSP |
| 005 | 20210625035103 |
| 007 | cr ||||||||||| |
| 008 | 180412r19911957onc #o f001 0 fre d |
| 022 | |z0-662-58218-7 |
| 040 | |aCaOODSP|bfre |
| 041 | |aeng|afre |
| 043 | |an-cn--- |
| 086 | 1 |aCW69-1/1-1991-PDF|zCW69-1/1-1991 |
| 245 | 00|aBirds protected in Canada under the Migratory Birds Convention Act |h[ressource électronique] = |bLes oiseaux protégés au Canada en vertu de la Loi sur la Convention concernant les oiseaux migrateurs. |
| 246 | 11|aOiseaux protégés au Canada en vertu de la Loi sur la Convention concernant les oiseaux migrateurs |
| 250 | |aÉd. rév. |
| 260 | |aOttawa : |bCanadian Wildlife Service = Service canadien de la faune, |cc1991. |
| 300 | |a32 p. |
| 490 | 1 |aOccasional paper = Publication hors-série ; |vno. 1 |
| 500 | |aPubl. antérieurement sous le titre: List of birds protected in Canada under the Migratory Birds Convention Act. 1980. |
| 546 | |aTexte en anglais et en français. |
| 590 | |a11-29-Supp|b2011-11-25 |
| 710 | 2 |aService canadien de la faune. |
| 791 | |tBirds protected in Canada under the Migratory Birds Convention Act |eeng|w(CaOODSP)9.570072 |
| 830 | #0|aPublication hors-série (Service canadien de la faune)|vno. 1|w(CaOODSP)9.501188 |
| 856 | 40|ahttp://publications.gc.ca|qPDF|s143 Ko|uhttps://publications.gc.ca/collections/collection_2011/ec/CW69-1-1-1991.pdf|yno. 1 |